| 000 | 00987nam0a22002771 4500 | ||
|---|---|---|---|
| 001 | v19\rc\1758979 | ||
| 005 | 20260405071203.0 | ||
| 035 | _a(NLR Aleph) 004860190 | ||
| 090 |
_a5003464 _c5003464 |
||
| 100 | _a20061204d1903 |||y0rusy50 ca | ||
| 101 | 0 | _arus | |
| 102 | _aRU | ||
| 105 | _ay b ||||| | ||
| 200 | 1 |
_aЖитие и страдания св. великомученицы Екатерины _e(24 нояб.) |
|
| 205 | _a5-е изд. | ||
| 210 |
_aМосква _cтипо-лит. Г.И. Простакова _d1903 |
||
| 215 |
_a3-32 с. _d17 |
||
| 532 | 1 | 2 | _aЖитие и страдания святой великомученицы Екатерины |
| 702 | 0 |
_4570 _8rus _7ca _aЕкатерина Александрийская _cсвятая _f-ок.307 _3RU\NLR\AUTH\7717728 _9814 |
|
| 801 | 0 |
_aRU _bNLR _gpsbo |
|
| 801 | 0 |
_aRU _bRuMoRGB _2psbo |
|
| 801 | 1 |
_aRU _bProSoft-M _2rusmarc |
|
| 852 |
_aNLR _j34.48.7.205 |
||
| 899 |
_aRuMoRGB _jW 525/91 |
||
| 942 | _cBOOK | ||
| 980 | _aNB | ||